Effortlessly - Madison Beer - Statistics

General Stats
  • This quiz has been taken 17 times
  • The average score is 158 of 179
Answer Stats
Hint Answer % Correct
a
100%
all
100%
at
100%
Chorus But
100%
effortlessly
100%
hurt
100%
Hurt
100%
I
100%
isn't
100%
it
100%
me
100%
my
100%
not
100%
real
100%
So
100%
so
100%
the
100%
to
100%
Verse 1 | Verse 2 Told
100%
you
100%
your
100%
breath
89%
breathe
89%
can't
89%
cynical
89%
do
89%
drown?
89%
feel
89%
fix
89%
gonna
89%
hold
89%
Bridge Hold
89%
how
89%
I'm
89%
(I'm
89%
it's
89%
just
89%
little
89%
physical?
89%
pill
89%
Sadness
89%
still
89%
That
89%
Then
89%
fading
78%
fading)
78%
Here's
78%
Okay
78%
okay
78%
Runnin'
78%
save
78%
through
78%
why's
78%
Am
67%
chemicals
67%
heal
67%
That's
67%
up
67%
Used
67%
veins
67%
with
67%
Filled
56%
into
56%
somehow
56%
There's
56%
these
56%
things
56%
bone
44%
Cutting
44%
right
44%
No matching quizzes found
Score Distribution
Percent of People with Each Score
Percentile by Number Answered
Your Score History
You have not taken this quiz